000 00213nam a22000857a 4500
008 170620b xxu||||| |||| 00| 0 eng d
100 _93585
_aPrachi
245 _aEdgeways English VII
260 _aNew Delhi
_bPranchi
_c2011
999 _c6971
_d6971